Statystyki dla Legia Warszawa - Skład 2019/2020

Kliknij tutaj aby rozwiązać quiz!

Ogólne statystyki

  • Ten quiz został rozwiązany 155 razy
  • Średni wynik to 16 z 27

Statystyki odpowiedzi

PozycjaZawodnik% Poprawnych
ObrońcaArtur Jędrzejczyk
91%
BramkarzRadosław Majecki
91%
BramkarzRadosław Cierzniak
85%
ObrońcaMateusz Wieteska
78%
NapastnikJose kante
72%
ObrońcaMarko Vesovic
70%
ObrońcaMichał Karbownik
70%
NapastnikTomas Pekhart
69%
PomocnikDomagoj Antolic
67%
PomocnikAndre Martins
66%
ObrońcaWilliam Remy
66%
BramkarzWojciech Muzyk
66%
NapastnikPaweł Wszołek
63%
NapastnikMaciej Rosolek
61%
ObrońcaIgor Lewczuk
59%
PomocnikValeriane Gvilia
57%
ObrońcaLuis Rocha
52%
PomocnikBartosz Slisz
50%
PomocnikLuquinhas
50%
ObrońcaPaweł Stolarski
50%
ObrońcaInaki Astiz
49%
NapastnikArvydas Novikovas
44%
NapastnikVamara Sanogo
41%
NapastnikMateusz Cholewiak
30%
ObrońcaIvan Obradovic
24%
NapastnikSalvador Agra
22%
NapastnikPiotr Pyrdol
16%

Rozkład punktacji

Percentyl według liczby udzielonych odpowiedzi

Procent ludzi z każdym wynikiem

Twoja historia wyników

Nie rozwiązałeś tego quizu